Hotel management contracts in Europe (Record no. 79005)

MARC details
000 -LEADER
fixed length control field 01079cab a22002055a 4500
001 - CONTROL NUMBER
control field L138825
008 - FIXED-LENGTH DATA ELEMENTS--GENERAL INFORMATION
fixed length control field 070713s2007 xxk f 000 0 eng d
035 ## - SYSTEM CONTROL NUMBER
System control number (Sirsi) u138825
041 0# - LANGUAGE CODE
Language code of text/sound track or separate title eng
100 1# - MAIN ENTRY--PERSONAL NAME
Personal name Bader, Elana
245 00 - TITLE STATEMENT
Title Hotel management contracts in Europe
260 ## - PUBLICATION, DISTRIBUTION, ETC.
Date of publication, distribution, etc. 2007
490 ## - SERIES STATEMENT
Series statement Journal of Retail and Leisure Property
Volume/sequential designation 6(2) 171-179(9)
520 ## - SUMMARY, ETC.
Summary, etc. Examines typical European hotel management contracts. Reviews and details typical terms, definitions and applications. This includes the term of contract; operating fees; operator guarantees; performance measures; owner approval; capital expenditure; NonCompete clauses; dispute resolution; and termination. These are broad indications and any or all of the definitions given may vary significantly. Factors causing such variation include factors such as asset class, location, brand operator and investor type.
590 ## - LOCAL NOTE (RLIN)
Local note KA
651 #4 - SUBJECT ADDED ENTRY--GEOGRAPHIC NAME
Geographic name Europe
690 ## - LOCAL SUBJECT ADDED ENTRY--TOPICAL TERM (OCLC, RLIN)
Topical term or geographic name as entry element PROPERTY-COMMERCIAL PROPERTY-LEISURE PROPERTY-HOLIDAY AND GUEST PROPERTY-HOTEL PROPERTY
700 1# - ADDED ENTRY--PERSONAL NAME
Personal name Lambebedi, Amir
942 ## - ADDED ENTRY ELEMENTS (KOHA)
Suppress in OPAC 0
Holdings
Withdrawn status Lost status Source of classification or shelving scheme Damaged status Not for loan Home library Current library Shelving location Date acquired Total Checkouts Full call number Barcode Date last seen Copy number Price effective from Koha item type
    Dewey Decimal Classification     London London Journal article 13/07/2007   L138825 138825-1001 06/08/2019 1 06/08/2019 Journal article